000 03590nam a22003977a 4500
005 20120511145052.0
008 101206t xxu||||| |||| 00| 0 hin d
010 _aHIN-93208 B-466920-927
020 _c795.00
_a9789380458229
035 _aHN-65554 B-466920-927
037 _bDBAD/PUB
037 _bएलाइड पब्लिर्शस
040 _aDPL
_bHN
082 _a823.08
100 _924598
_aपुष्पपाल सिंह
245 _aसमकालीन कहानी नया परिप्रेक्ष्य /
_cपुष्पपाल सिंह
246 _aSamkalin kahani:naya pariprakchay
_bby Pushppal Singh
260 _aनई दिल्ली
_bसामयिक बुक्स
_c2011
270 _bनई दिल्ली
_a3320-21, जटवाड़ा, दरियागंज,एन.एस.मार्ग
_e110002
300 _a480पृ.
_c22सेमी (सजिल्द)
650 _91169
650 _929580
700 _924599
700 _924924
942 _2ddc
_cHN
_mपुष्पपा
_h823.08
999 _c53909
_d53909